[Event "London Classic FIDE Open"]
[Site "London ENG"]
[Date "2011.12.03"]
[Round "1"]
[White "Obiamiwe, Paul"]
[Black "Rendle, Thomas E"]
[Result "0-1"]
[BlackTitle "IM"]
[WhiteElo "2001"]
[BlackElo "2389"]
[WhiteFideId "8500215"]
[BlackFideId "408760"]
[EventDate "2011.12.03"]

1. Nf3 f5 2. c4 Nf6 3. g3 g6 4. Bg2 Bg7 5. O-O O-O 6. Nc3 d6 7. d4 Nc6 8. d5 Na5
9. Qa4 c5 10. dxc6 Nxc6 11. a3 Kh8 12. h3 Be6 13. Be3 Rc8 14. c5 d5 15. Qh4 Bg8
16. Rad1 e5 17. b4 Ne4 18. Qxd8 Rcxd8 19. Nxe4 dxe4 20. Nh2 Bc4 21. Rxd8 Rxd8
22. Re1 Nd4 23. Bxd4 exd4 24. Nf1 Bb5 25. f3 d3 26. fxe4 dxe2 27. exf5 Rd1 28.
Kf2 Bd4+ 0-1

[Event "London Classic FIDE Open"]
[Site "London ENG"]
[Date "2011.12.03"]
[Round "1"]
[White "Bates, Richard A"]
[Black "Shweta, Gole"]
[Result "1-0"]
[WhiteTitle "IM"]
[WhiteElo "2386"]
[BlackElo "1999"]
[WhiteFideId "403555"]
[BlackFideId "5068487"]
[EventDate "2011.12.03"]

1. d4 Nf6 2. Nf3 c5 3. d5 e6 4. c4 exd5 5. cxd5 d6 6. e4 g6 7. h3 Bg7 8. Bd3 O-O
9. O-O c4 10. Bc2 b5 11. Nd4 a6 12. Be3 Re8 13. Nd2 Bb7 14. a4 b4 15. Nxc4 Nxe4
16. a5 Nc5 17. Qd2 Qc7 18. Nb6 Ra7 19. Qxb4 Bc8 20. Rae1 Rb7 21. Bg5 Re5 22. Nf3
Rxe1 23. Rxe1 Bd7 24. Qh4 Ra7 25. Bd8 Qb7 26. b4 h6 27. bxc5 dxc5 28. Ba4 Bxa4
29. Qxa4 Bf8 30. Re8 1-0

[Event "London Classic FIDE Open"]
[Site "London ENG"]
[Date "2011.12.03"]
[Round "1"]
[White "Casaschi, Paolo"]
[Black "Buckley, Graeme N"]
[Result "0-1"]
[BlackTitle "IM"]
[WhiteElo "1996"]
[BlackElo "2383"]
[WhiteFideId "824895"]
[BlackFideId "402265"]
[EventDate "2011.12.03"]

1. d4 Nf6 2. c4 e6 3. g3 c5 4. Nf3 cxd4 5. Nxd4 Qc7 6. Bg2 a6 7. O-O Be7 8. b3
O-O 9. Bb2 Nc6 10. Nc3 d6 11. Rc1 Nxd4 12. Qxd4 Bd7 13. Rfd1 Rfd8 14. h3 Rac8
15. e4 Qb8 16. a3 b5 17. cxb5 axb5 18. b4 Bc6 19. Bf1 Qb7 20. Qd3 Rb8 21. Re1
Nd7 22. f4 Bf6 23. Rc2 Nb6 24. Qe3 d5 25. exd5 exd5 26. Nd1 d4 27. Qf2 Qd7 28.
Bd3 Nc4 29. Kh2 Re8 30. Rce2 h5 31. Bc1 Rxe2 32. Qxe2 Qd5 33. Be4 Qxe4 34. Qxe4
Bxe4 35. Rxe4 d3 36. Be3 Nd6 37. Rd4 Bxd4 38. Bxd4 Ra8 39. Kg2 Rxa3 40. Kf2 Ne4+
41. Kf3 f5 42. g4 d2+ 43. Ke2 fxg4 44. hxg4 hxg4 45. Be3 g3 46. Bg1 g2 47. Bb6
Rh3 0-1

[Event "London Classic FIDE Open"]
[Site "London ENG"]
[Date "2011.12.03"]
[Round "1"]
[White "Flynn, David"]
[Black "Ferguson, Mark"]
[Result "0-1"]
[BlackTitle "IM"]
[WhiteElo "1978"]
[BlackElo "2374"]
[WhiteFideId "410594"]
[BlackFideId "403547"]
[EventDate "2011.12.03"]

1. e4 e5 2. Nf3 Nc6 3. Bb5 Nd4 4. Nxd4 exd4 5. O-O Bc5 6. d3 c6 7. Bc4 d5 8.
exd5 cxd5 9. Bb3 Ne7 10. Bf4 O-O 11. Qf3 a5 12. a4 Ra6 13. Bg5 Rg6 14. Bxe7 Bxe7
15. Qxd5 Bh3 16. Qxd8 Rxg2+ 17. Kh1 Rxd8 18. f4 Re2 19. Rd1 Bd6 20. Nd2 Bxf4 21.
Nf1 Bg2+ 22. Kg1 Bf3 23. Ng3 Be3+ 24. Kf1 Rf2+ 25. Ke1 Rxh2 0-1

[Event "London Classic FIDE Open"]
[Site "London ENG"]
[Date "2011.12.03"]
[Round "1"]
[White "Getz, Nicolai"]
[Black "McKerracher, Douglas"]
[Result "1-0"]
[WhiteTitle "IM"]
[WhiteElo "2369"]
[BlackElo "1976"]
[WhiteFideId "1505572"]
[BlackFideId "2401002"]
[EventDate "2011.12.03"]

1. d4 f5 2. c4 Nf6 3. g3 e6 4. Bg2 d5 5. Nh3 c6 6. O-O Bd6 7. Bf4 Be7 8. Nd2 O-O
9. Nf3 Ne4 10. Ne5 Nd7 11. Qc2 Nxe5 12. Bxe5 Bd7 13. Nf4 Rc8 14. c5 b6 15. b4
Bf6 16. Nd3 Bxe5 17. Nxe5 Ng5 18. e3 Nf7 19. Nd3 Qc7 20. f4 g5 21. a4 g4 22.
Rfc1 Kg7 23. Bf1 Kf6 24. cxb6 axb6 25. a5 Ra8 26. axb6 Qxb6 27. Nc5 Ke7 28. h3
h5 29. hxg4 hxg4 30. Qh2 Ra7 31. Qh4+ Ke8 32. Qf6 Nd8 33. Qg6+ Ke7 34. Nd3 Nf7
35. Qg7 Ke8 36. Rxa7 Qxa7 37. Rc5 Qa2 38. Ra5 Qd2 39. Ra8+ Nd8 40. Rxd8+ Kxd8
41. Qxf8+ Kc7 42. Ne5 1-0

[Event "London Classic FIDE Open"]
[Site "London ENG"]
[Date "2011.12.03"]
[Round "1"]
[White "Iyengar, Ilya"]
[Black "Crouch, Colin S"]
[Result "0-1"]
[BlackTitle "IM"]
[WhiteElo "1974"]
[BlackElo "2366"]
[WhiteFideId "405949"]
[BlackFideId "400947"]
[EventDate "2011.12.03"]

1. d4 d5 2. c4 c6 3. Nf3 Nf6 4. Nc3 a6 5. c5 Nbd7 6. Bf4 Nh5 7. e3 Nxf4 8. exf4
b6 9. b4 Bb7 10. Bd3 g6 11. O-O Bg7 12. Qd2 a5 13. a3 O-O 14. f5 axb4 15. axb4
Rxa1 16. Rxa1 bxc5 17. bxc5 e5 18. fxe6 fxe6 19. Re1 Qf6 20. Ne5 Nxe5 21. dxe5
Qh4 22. Bf1 Bc8 23. g3 Qb4 24. Ne4 Qa3 25. Qc3 Qxc3 26. Nxc3 Rf3 27. Na4 Ra3 28.
Nb6 Ba6 29. Bxa6 Rxa6 30. Nd7 Ra7 31. Nb8 Rc7 32. f4 Bf8 33. Rc1 Kf7 34. Kf2 Ke8
35. Ke3 Kd8 36. Kd4 Kc8 37. Rb1 Rb7 38. Rxb7 Kxb7 39. Nd7 Be7 40. Nf6 Ka6 41.
Nxh7 Kb5 42. Ng5 Bxc5+ 43. Kc3 Bg1 44. Nxe6 c5 45. Nf8 d4+ 46. Kc2 c4 47. e6 d3+
48. Kd2 Bc5 49. Nxg6 Bb4+ 50. Ke3 Bc5+ 51. Kd2 Bb4+ 52. Ke3 Bc5+ 53. Kf3 Ka4 54.
Ne5 Kb3 55. Nxd3 cxd3 56. e7 Bxe7 0-1

[Event "London Classic FIDE Open"]
[Site "London ENG"]
[Date "2011.12.03"]
[Round "1"]
[White "Weber, Tom"]
[Black "Amato, Giampiero"]
[Result "1-0"]
[WhiteTitle "FM"]
[WhiteElo "2355"]
[BlackElo "1973"]
[WhiteFideId "4000609"]
[BlackFideId "813303"]
[EventDate "2011.12.03"]

1. c4 c5 2. g3 g6 3. Bg2 Bg7 4. Nf3 Nc6 5. O-O e6 6. Nc3 Nge7 7. d3 O-O 8. Bd2
d5 9. a3 b6 10. Rb1 Bb7 11. b4 cxb4 12. axb4 dxc4 13. dxc4 Rc8 14. Qb3 Nxb4 15.
Rfd1 Nbc6 16. Nb5 Nf5 17. Bg5 Qe8 18. g4 a6 19. gxf5 axb5 20. f6 Na5 21. Qb4 Bh8
22. cxb5 Rd8 23. Qe7 Bd5 24. Ne5 Bxg2 25. Kxg2 Rxd1 26. Rxd1 Qa8+ 27. f3 Qb7 28.
Qxf8+ 1-0

[Event "London Classic FIDE Open"]
[Site "London ENG"]
[Date "2011.12.03"]
[Round "1"]
[White "Millward, Kevin P"]
[Black "Richardson, John R"]
[Result "0-1"]
[BlackTitle "FM"]
[WhiteElo "1971"]
[BlackElo "2331"]
[WhiteFideId "404721"]
[BlackFideId "401617"]
[EventDate "2011.12.03"]

1. e4 c6 2. Nc3 d5 3. d3 e5 4. f4 exf4 5. Bxf4 Bb4 6. Bd2 Nf6 7. Nf3 O-O 8. e5
Re8 9. a3 Bxc3 10. Bxc3 c5 11. d4 cxd4 12. Bxd4 Nc6 13. Be2 Ng4 14. Qd2 Ngxe5
15. Nxe5 Nxe5 16. O-O-O Bf5 17. Qf4 Qc8 18. Rd2 Nc6 19. Rf1 Re4 20. Qxf5 Qxf5
21. Rxf5 Nxd4 22. Rf2 Rc8 23. Kd1 Rce8 24. c3 Nxe2 25. Rfxe2 Rxe2 26. Rxe2 Rxe2
27. Kxe2 f5 28. Kd3 Kf7 29. Kd4 Ke6 30. a4 g5 31. a5 f4 32. b3 a6 33. c4 dxc4
34. bxc4 Kf5 35. h3 h5 36. Kd3 Ke5 37. Ke2 Ke4 38. c5 g4 39. Kf2 Kd3 40. h4 Kd2
41. Kf1 g3 42. Kg1 Ke1 43. Kh1 f3 44. gxf3 Kf2 0-1

[Event "London Classic FIDE Open"]
[Site "London ENG"]
[Date "2011.12.03"]
[Round "1"]
[White "Gislason, Gudmundur"]
[Black "Hjort, Helge"]
[Result "1-0"]
[WhiteElo "2318"]
[BlackElo "1969"]
[WhiteFideId "2300559"]
[BlackFideId "1436678"]
[EventDate "2011.12.03"]

1. d4 Nf6 2. g3 e6 3. Bg2 d5 4. Nf3 Be7 5. O-O O-O 6. b3 Nbd7 7. Bb2 Ne4 8. Ne5
f5 9. f3 Nxe5 10. dxe5 Bc5+ 11. Bd4 Bxd4+ 12. Qxd4 Ng5 13. c4 c6 14. Nc3 b6 15.
Rfd1 Qe7 16. Rac1 Bb7 17. Qh4 Rfe8 18. b4 h6 19. f4 Ne4 20. Qxe7 Rxe7 21. cxd5
exd5 22. Bxe4 fxe4 23. b5 Rc8 24. bxc6 Rxc6 25. Nxd5 Rd7 26. Rb1 Rf7 27. Ne3 h5
28. Rd8+ Kh7 29. Rbd1 g6 30. R1d7 Rc7 31. e6 1-0

[Event "London Classic FIDE Open"]
[Site "London ENG"]
[Date "2011.12.03"]
[Round "1"]
[White "Vachtfeidl, Petr"]
[Black "Stoma, Pawel"]
[Result "1/2-1/2"]
[WhiteElo "1969"]
[BlackElo "2316"]
[WhiteFideId "315028"]
[BlackFideId "1113569"]
[EventDate "2011.12.03"]

1. e4 c6 2. d4 d5 3. exd5 cxd5 4. c3 Nf6 5. Bf4 Nc6 6. Nf3 Bf5 7. Qb3 Na5 8.
Qa4+ Bd7 9. Qc2 Nh5 10. Be3 e6 11. Nbd2 Bd6 12. Ne5 Nc6 13. Ndf3 O-O 14. Bd3 g6
15. Bh6 Ng7 16. h4 Rc8 17. Qe2 f6 18. Nxd7 Qxd7 19. h5 Qf7 20. hxg6 hxg6 21. Nh4
Ne7 22. Qc2 Nef5 23. Nxf5 exf5 24. Kf1 Qd7 25. Re1 Kf7 26. Bxg7 Kxg7 27. Re3 Rh8
28. Reh3 Rxh3 29. Rxh3 Rh8 30. Rxh8 Kxh8 31. Qb3 Bf4 32. g3 Bh6 33. Bb5 Qe6 34.
Bd3 b6 35. Qa4 a5 36. Qd1 f4 37. Qf3 fxg3 38. Qxg3 f5 39. Qf3 Bc1 40. b4 Bd2 41.
bxa5 bxa5 42. Qe2 Qxe2+ 43. Bxe2 Bxc3 44. Bf3 Bxd4 45. Bxd5 Kg7 46. Kg2 Kf6 47.
f3 Ke5 48. Bf7 g5 1/2-1/2

[Event "London Classic FIDE Open"]
[Site "London ENG"]
[Date "2011.12.03"]
[Round "1"]
[White "Berry, Neil"]
[Black "Vlcek, Marek"]
[Result "1-0"]
[WhiteTitle "FM"]
[WhiteElo "2312"]
[BlackElo "1935"]
[WhiteFideId "2400650"]
[BlackFideId "327611"]
[EventDate "2011.12.03"]

1. d4 Nf6 2. c4 e5 3. dxe5 Ng4 4. Nf3 Nc6 5. Bf4 Bb4+ 6. Nbd2 f6 7. exf6 Qxf6 8.
e3 Qxb2 9. Be2 d6 10. O-O O-O 11. Ne4 Nf6 12. Rb1 Qxa2 13. Bd3 Be6 14. Nfg5 Bxc4
15. Nxf6+ Rxf6 16. Nxh7 Re6 17. Ng5 Rf6 18. Ra1 Qb3 19. Bc2 Qb2 20. Rb1 Qa2 21.
Ra1 Qb2 22. Rb1 Qa2 23. Bb3 Bxb3 24. Rxb3 Qa5 25. Qb1 Rf5 26. h4 Qb5 27. g4 Rxg5
28. hxg5 a5 29. Qe4 Ne5 30. Bxe5 dxe5 31. g6 Rd8 32. Rc1 c6 33. Qh1 Qd5 34. Qh7+
Kf8 35. Rbb1 Qe6 36. Qh8+ Qg8 37. Qh5 Qe6 38. Qh8+ Qg8 39. Qh5 Qe6 40. Rd1 Rb8
41. Rd3 Be7 42. e4 a4 43. Rf3+ Bf6 44. g5 Ke7 45. gxf6+ gxf6 46. Qh7+ Kd6 47.
Rd3+ Kc5 48. Qc7 Rg8 49. Qb6+ Kc4 50. Rg3 1-0

[Event "London Classic FIDE Open"]
[Site "London ENG"]
[Date "2011.12.03"]
[Round "1"]
[White "Boger, Raymond"]
[Black "Radovanovic, Jovica"]
[Result "0-1"]
[BlackTitle "FM"]
[WhiteElo "1959"]
[BlackElo "2309"]
[WhiteFideId "1507419"]
[BlackFideId "915912"]
[EventDate "2011.12.03"]

1. c4 e5 2. g3 Nf6 3. Bg2 c6 4. d4 exd4 5. Qxd4 Na6 6. Nc3 Bc5 7. Qd3 O-O 8. Nh3
d5 9. cxd5 Nb4 10. Qc4 Nc2+ 11. Kd1 Nxa1 12. Qxc5 Nxd5 13. Bd2 Nxc3+ 14. Qxc3
Bxh3 15. Bxh3 Qd5 16. Re1 Qxa2 17. Bf5 Rfd8 18. Bd3 Qa4+ 19. Kc1 Nb3+ 20. Kb1
Nxd2+ 21. Qxd2 a5 22. Rc1 Qd4 23. Qc2 g6 24. f4 a4 25. f5 a3 26. fxg6 hxg6 27.
Bxg6 Qxb2+ 0-1

[Event "London Classic FIDE Open"]
[Site "London ENG"]
[Date "2011.12.03"]
[Round "1"]
[White "Afek, Yochanan"]
[Black "Phillips, Owen S"]
[Result "1-0"]
[WhiteTitle "IM"]
[WhiteElo "2301"]
[BlackElo "1959"]
[WhiteFideId "2800462"]
[BlackFideId "417882"]
[EventDate "2011.12.03"]

1. c4 e6 2. e4 b6 3. Nc3 Bb7 4. Nf3 d6 5. d4 Nd7 6. Bd3 g6 7. h4 h6 8. Be3 Bg7
9. Ng1 Ne7 10. Qd2 a6 11. Nge2 Nf6 12. f3 e5 13. O-O-O Nc6 14. d5 Ne7 15. g4 Qd7
16. Ng3 Kf8 17. g5 hxg5 18. hxg5 Nh5 19. Nce2 Kg8 20. Nxh5 gxh5 21. Ng3 h4 22.
Nf5 Ng6 23. Rh2 b5 24. c5 dxc5 25. Bxc5 Re8 26. Bc2 Bf8 27. Bxf8 Rxf8 28. Bb3 c5
29. dxc6 Qxc6+ 30. Kb1 Rh5 31. Qe3 Kh7 32. Rc2 Qe8 33. Qb6 Bxe4 34. fxe4 1-0

[Event "London Classic FIDE Open"]
[Site "London ENG"]
[Date "2011.12.03"]
[Round "1"]
[White "Fields, Francis E"]
[Black "Alfred, Nathan S W"]
[Result "0-1"]
[BlackTitle "FM"]
[WhiteElo "1897"]
[BlackElo "2294"]
[WhiteFideId "409367"]
[BlackFideId "407739"]
[EventDate "2011.12.03"]

1. Nf3 Nf6 2. Nc3 d5 3. d4 g6 4. Bg5 Ne4 5. Nxe4 dxe4 6. Ng1 Bg7 7. e3 c6 8. c3
Qa5 9. Bf4 Nd7 10. Qc2 O-O 11. f3 e5 12. Bg3 exd4 13. exd4 c5 14. d5 Re8 15.
fxe4 Nf6 16. O-O-O Nxe4 17. Kb1 Bf5 18. Bd3 c4 0-1

[Event "London Classic FIDE Open"]
[Site "London ENG"]
[Date "2011.12.03"]
[Round "1"]
[White "Croad, Nicolas"]
[Black "White, David J"]
[Result "1-0"]
[WhiteTitle "FM"]
[WhiteElo "2292"]
[BlackElo "1958"]
[WhiteFideId "4300793"]
[BlackFideId "402931"]
[EventDate "2011.12.03"]

1. d4 Nf6 2. c4 c5 3. d5 b5 4. cxb5 a6 5. f3 d6 6. e4 g6 7. Nc3 Bg7 8. Qb3 O-O
9. b6 Bb7 10. Nh3 Nbd7 11. Na4 Kh8 12. Bd2 e6 13. dxe6 fxe6 14. Ng5 Qe7 15. Qxe6
Rae8 16. Qxe7 Rxe7 17. O-O-O d5 18. exd5 Nxd5 19. Ne4 N5xb6 20. Nac3 Nd5 21.
Nxd5 Bxd5 22. Nc3 Bb7 23. Bg5 Bf6 24. Bxf6+ Nxf6 25. Bc4 Nh5 26. Rhe1 Rfe8 27.
Rxe7 Rxe7 28. Rd6 Nf4 29. g3 Ng2 30. f4 Ne1 31. g4 Nf3 32. g5 Kg7 33. Na4 Re1+
34. Rd1 Rxd1+ 35. Kxd1 Nxh2 36. Nxc5 Bf3+ 37. Be2 Bd5 38. a3 a5 39. Kd2 h5 40.
Ke3 Ng4+ 41. Bxg4 hxg4 42. Kf2 Kf7 43. Kg3 Bf3 44. Nd3 Ke6 45. Ne5 Be4 46. Kxg4
a4 47. Nc4 Bd3 48. Ne3 Be4 49. Kg3 Kd6 50. f5 gxf5 51. Kf4 Ke6 52. g6 Bb1 53. g7
Kf7 54. Nxf5 Bd3 55. Kg5 Bb1 56. Kg4 Bd3 57. Kf4 Bb1 58. Ke5 Bd3 59. Nd6+ Kxg7
60. Kd4 Be2 61. Ne4 Bd1 62. Nc3 Bb3 63. Kc5 Kf6 64. Kb4 1-0

[Event "London Classic FIDE Open"]
[Site "London ENG"]
[Date "2011.12.03"]
[Round "1"]
[White "Calder, Dennis"]
[Black "Rudd, Jack"]
[Result "0-1"]
[BlackTitle "IM"]
[WhiteElo "1953"]
[BlackElo "2290"]
[WhiteFideId "4697359"]
[BlackFideId "405736"]
[EventDate "2011.12.03"]

1. d4 Nf6 2. Nf3 e6 3. c4 c5 4. Nc3 d5 5. cxd5 exd5 6. g3 Nc6 7. Bg2 Be6 8. O-O
Be7 9. Bg5 O-O 10. dxc5 d4 11. Nb5 Bxc5 12. Bxf6 Qxf6 13. Nc7 Rad8 14. Nxe6 fxe6
15. a3 Bb6 16. b4 g5 17. Nd2 g4 18. Rc1 Ne5 19. Ne4 Qg6 20. Nc5 d3 21. Be4 Qh5
22. f4 gxf3 23. exf3 a5 24. Kg2 axb4 25. axb4 Rd4 26. Nxe6 Rxb4 27. Rb1 Nc4 28.
Qxd3 Ne3+ 29. Kh1 Qh3 30. Bxh7+ Kh8 31. Rf2 Rxb1+ 32. Qxb1 Qxe6 33. Be4 Rd8 34.
Qb2+ Kg8 35. Rd2 Rxd2 36. Qxd2 Qc4 37. h4 Qf1+ 38. Kh2 Ng4+ 39. fxg4 Bg1+ 40.
Kh1 Bf2+ 41. Kh2 Qg1+ 42. Kh3 Qxg3# 0-1

[Event "London Classic FIDE Open"]
[Site "London ENG"]
[Date "2011.12.03"]
[Round "1"]
[White "Webb, Laurence E"]
[Black "Sagues, Vincent"]
[Result "1-0"]
[WhiteTitle "FM"]
[WhiteElo "2283"]
[BlackElo "1952"]
[WhiteFideId "402389"]
[BlackFideId "625680"]
[EventDate "2011.12.03"]

1. e4 e6 2. d4 d5 3. e5 c5 4. c3 Nc6 5. Nf3 Qb6 6. a3 Nh6 7. b4 cxd4 8. cxd4 Nf5
9. Be3 Bd7 10. Bd3 Nxe3 11. fxe3 Be7 12. O-O f5 13. exf6 Bxf6 14. Ng5 O-O-O 15.
Nf7 Bxd4 16. Nc3 Bxc3 17. Rc1 Qxe3+ 18. Kh1 d4 19. Rf3 Qe1+ 20. Qxe1 Bxe1 21.
Rxe1 g6 22. Kg1 Rhf8 23. Nxd8 Rxf3 24. gxf3 Kxd8 25. f4 a6 26. Rd1 Ke7 27. Be4
Kf6 28. Bxc6 Bxc6 29. Rxd4 Bd5 30. Kf2 Kf5 31. Kg3 h6 32. Rd2 Kf6 33. h4 h5 34.
Re2 Bc6 35. Re5 Ba4 36. Kf2 Ke7 37. Ke3 Kd6 38. Rc5 Kd7 39. Kd4 Bd1 40. Ke5 Bf3
41. Rc3 Bg4 42. a4 b6 43. Rd3+ Kc7 44. Rd6 Bf5 45. a5 bxa5 46. bxa5 Kb7 47. Rb6+
Ka7 48. Kd6 Bg4 49. Kc7 Bf5 50. Rb7+ Ka8 51. Kb6 Bd3 52. Rd7 1-0

[Event "London Classic FIDE Open"]
[Site "London ENG"]
[Date "2011.12.03"]
[Round "1"]
[White "Reppen, Ellisiv"]
[Black "Gagare, Shardul"]
[Result "0-1"]
[BlackTitle "FM"]
[WhiteElo "1949"]
[BlackElo "2275"]
[WhiteFideId "1504959"]
[BlackFideId "5037883"]
[EventDate "2011.12.03"]

1. e4 c6 2. d4 d5 3. Nc3 g6 4. e5 Bg7 5. Nf3 Nh6 6. Bd3 O-O 7. Qe2 c5 8. dxc5
Nc6 9. Bf4 Bg4 10. O-O-O e6 11. h3 Bxf3 12. gxf3 Nd4 13. Qe3 Nhf5 14. Bxf5 Nxf5
15. Qd2 Qc7 16. h4 h5 17. Ne2 Bxe5 18. Bxe5 Qxe5 19. Rdg1 Qf6 20. Ng3 Ng7 21. f4
Rfc8 22. Qe3 Rc7 23. Kb1 Rac8 24. Qe5 Qxe5 25. fxe5 Rxc5 26. c3 Rc4 27. Rd1 Rf4
28. Rh2 Rcc4 29. Ne2 Rxh4 30. Rxh4 Rxh4 31. f4 Rh2 32. Nd4 Rf2 33. Nb5 Rxf4 34.
Nxa7 h4 35. Nb5 h3 36. Nd6 h2 37. Rh1 Rf2 38. Nxb7 Nf5 39. a4 Ng3 40. Rxh2 Rxh2
41. a5 Kg7 42. a6 Rh8 43. b4 Ne4 44. Kb2 g5 45. b5 Ra8 46. Nd6 Nc5 47. c4 dxc4
48. Nxc4 Nxa6 49. bxa6 Rxa6 50. Kc3 Rc6 51. Kd4 Rxc4+ 52. Kxc4 Kg6 0-1

[Event "London Classic FIDE Open"]
[Site "London ENG"]
[Date "2011.12.03"]
[Round "1"]
[White "Prosviriakov, Vladimir"]
[Black "Calvert, D Ian"]
[Result "1-0"]
[WhiteTitle "IM"]
[WhiteElo "2274"]
[BlackElo "1947"]
[WhiteFideId "2004860"]
[BlackFideId "406368"]
[EventDate "2011.12.03"]

1. c4 Nf6 2. Nc3 c6 3. e4 e5 4. Nf3 Bb4 5. Qc2 O-O 6. a3 Bxc3 7. dxc3 d5 8. cxd5
cxd5 9. exd5 Qxd5 10. Be2 Nc6 11. O-O Bg4 12. Rd1 Qa5 13. b4 Qc7 14. Bg5 Bxf3
15. Bxf3 Nd4 16. Qd3 Nxf3+ 17. Qxf3 e4 18. Qf5 Qxc3 19. Bxf6 Qxf6 20. Qxe4 b6
21. Qd4 Qxd4 22. Rxd4 Rfd8 23. Rad1 Rxd4 24. Rxd4 Rc8 25. g3 g6 26. Rd7 a5 27.
bxa5 bxa5 28. Rd5 Ra8 29. a4 Kg7 30. g4 Kf6 31. g5+ Ke6 32. Rb5 f5 33. Kg2 Ra7
34. Kg3 Kf7 35. h4 Kg7 36. Kf4 h5 37. f3 Kf7 38. Ke5 Re7+ 39. Kd4 Ra7 40. Kc4
Re7 41. Rxa5 Re3 42. Kd5 Rxf3 43. Ra7+ Kg8 44. a5 Rc3 45. Ra6 Kg7 46. Rf6 Ra3
47. a6 f4 48. Kc5 f3 49. Kb6 Rb3+ 50. Kc7 Ra3 51. Kb6 Rb3+ 52. Kc5 Ra3 53. Kd5
f2 54. Rxf2 Rxa6 55. Rc2 Ra4 56. Rc7+ Kg8 57. Rc4 Ra5+ 58. Rc5 Ra4 59. Ke5 Ra6
60. Rd5 Kf7 61. Rd7+ Ke8 62. Rd6 Ra4 63. Kf6 Rxh4 64. Kxg6 Rh1 65. Kg7 h4 66.
Re6+ Kd7 67. Re4 h3 68. g6 h2 69. Re2 Kd6 70. Kh7 1-0

[Event "London Classic FIDE Open"]
[Site "London ENG"]
[Date "2011.12.03"]
[Round "1"]
[White "Plug, Arjan"]
[Black "Farrand, Tom"]
[Result "1-0"]
[WhiteElo "1945"]
[BlackElo "2265"]
[WhiteFideId "1011600"]
[BlackFideId "406457"]
[EventDate "2011.12.03"]

1. e4 c5 2. Nc3 e6 3. g3 Nc6 4. Bg2 g6 5. d3 Bg7 6. f4 d6 7. Nf3 Nge7 8. O-O O-O
9. Be3 Nd4 10. Qd2 Rb8 11. Rae1 b6 12. Nh4 f5 13. Nd1 fxe4 14. dxe4 d5 15. c3
Ndc6 16. f5 gxf5 17. exf5 Ba6 18. Bh6 Bxf1 19. Bxg7 Kxg7 20. Rxe6 Bxg2 21. Qh6+
Kh8 22. f6 Rg8 23. fxe7 Nxe7 24. Kxg2 Rg7 25. Ne3 Qf8 26. Rxe7 Qxe7 27. Nef5
Qe2+ 28. Kg1 Qe1+ 29. Kg2 Qe2+ 30. Kg1 Qe1+ 31. Kg2 Qe4+ 32. Kg1 Rf7 33. Ng6+
Kg8 34. Qg7+ Rxg7 35. Nh6# 1-0

[Event "London Classic FIDE Open"]
[Site "London ENG"]
[Date "2011.12.03"]
[Round "1"]
[White "Martyn, Rafe"]
[Black "Tart, Peter K"]
[Result "1-0"]
[WhiteTitle "FM"]
[WhiteElo "2249"]
[BlackElo "1944"]
[WhiteFideId "409626"]
[BlackFideId "471070"]
[EventDate "2011.12.03"]

1. d4 g6 2. c4 Bg7 3. e4 c5 4. d5 d6 5. Nc3 Bxc3+ 6. bxc3 Qa5 7. Bd2 f5 8. exf5
Bxf5 9. Ne2 Bd3 10. Nf4 Bxf1 11. Kxf1 Nd7 12. Ne6 Nf8 13. Nxf8 Kxf8 14. h4 Nf6
15. h5 Kg7 16. Qe2 Qc7 17. Re1 Rae8 18. hxg6 hxg6 19. Rxh8 Kxh8 20. Bg5 Nd7 21.
Qg4 Ne5 22. Qh4+ Kg8 23. f4 Nf7 24. Re6 Kg7 25. Bxe7 Rxe7 26. Qxe7 Qxe7 27. Rxe7
Kf6 28. Rxb7 g5 29. Rxf7+ Kxf7 30. fxg5 Kg6 31. Kf2 Kxg5 32. Kf3 Kf5 33. g4+ Kg5
34. Kg3 a6 35. a3 Kg6 36. Kf4 1-0

[Event "London Classic FIDE Open"]
[Site "London ENG"]
[Date "2011.12.03"]
[Round "1"]
[White "Fransson, Angelina"]
[Black "Sreeves, Clement"]
[Result "1/2-1/2"]
[WhiteElo "1940"]
[BlackElo "2247"]
[WhiteFideId "1712632"]
[BlackFideId "2402564"]
[EventDate "2011.12.03"]

1. e4 c5 2. d3 Nc6 3. g3 g6 4. Bg2 Bg7 5. f4 d6 6. Nf3 e5 7. c3 exf4 8. Bxf4
Nge7 9. O-O O-O 10. Qd2 Ne5 11. d4 Nxf3+ 12. Bxf3 cxd4 13. cxd4 d5 14. e5 Be6
15. Nc3 Nc6 16. Na4 b6 17. Rae1 Qd7 18. Nc3 Rac8 19. Bg5 Na5 20. Qf4 b5 21. Rf2
b4 22. Nd1 b3 23. axb3 Nxb3 24. Nc3 Rc4 25. Rd1 Rb8 26. h4 Rbb4 27. Ne2 Qa4 28.
Bf6 Nxd4 29. Nxd4 Rxd4 30. Rxd4 Rxd4 31. Qe3 Rb4 32. h5 Rb3 33. Qg5 h6 34. Qc1
Qc4 35. Qd1 Rd3 36. Qe2 Qd4 37. Kg2 Bf5 38. hxg6 fxg6 39. e6 Bxf6 40. e7 Bxe7
41. Qxe7 Qg7 42. Qd8+ Kh7 43. Rc2 Be6 44. Rc7 Bf7 45. Qe7 Kg8 46. Rc8+ Kh7 47.
Rc7 1/2-1/2

[Event "London Classic FIDE Open"]
[Site "London ENG"]
[Date "2011.12.03"]
[Round "1"]
[White "Osborne, Marcus E"]
[Black "Pleininger, Rudolf"]
[Result "1-0"]
[WhiteElo "2246"]
[BlackElo "1939"]
[WhiteFideId "404608"]
[BlackFideId "1305999"]
[EventDate "2011.12.03"]

1. d4 Nf6 2. c4 e6 3. g3 Bb4+ 4. Bd2 Qe7 5. Bg2 Nc6 6. e3 O-O 7. Ne2 d5 8. O-O
a5 9. a3 Bxd2 10. Nxd2 b6 11. Nf4 Rd8 12. Qc2 Bb7 13. Rac1 Rac8 14. Rfd1 Nb8 15.
c5 Bc6 16. Bf1 Nfd7 17. b4 axb4 18. axb4 bxc5 19. b5 Bb7 20. dxc5 c6 21. b6 e5
22. Ng2 Nf8 23. Ra1 Nbd7 24. Nb3 Ne6 25. Rdc1 Ra8 26. Qc3 Rxa1 27. Qxa1 Ra8 28.
Qc3 f6 29. f4 Ra2 30. Nh4 g6 31. Bh3 d4 32. Qc4 f5 33. Nxd4 exd4 34. Qxa2 dxe3
35. Rc3 Nxc5 36. Rxe3 Ne4 37. Rxe4 fxe4 38. Qxe6+ Qxe6 39. Bxe6+ Kf8 40. Kf2 Ke7
41. Bg8 1-0

[Event "London Classic FIDE Open"]
[Site "London ENG"]
[Date "2011.12.03"]
[Round "1"]
[White "Farrell, Neil"]
[Black "Rutten, David"]
[Result "0-1"]
[WhiteElo "2181"]
[BlackElo "1861"]
[WhiteFideId "2400588"]
[BlackFideId "1001604"]
[EventDate "2011.12.03"]

1. d4 c5 2. d5 Nf6 3. c4 b5 4. cxb5 a6 5. e3 g6 6. Nc3 d6 7. Nf3 Bg7 8. a4 O-O
9. e4 Nbd7 10. Ra3 Ng4 11. Be2 Qc7 12. Nd2 Nh6 13. O-O f5 14. Nf3 fxe4 15. Ng5
Nf6 16. bxa6 Nf5 17. Nb5 Qd8 18. a7 h6 19. Ne6 Bxe6 20. dxe6 d5 21. f3 Nd6 22.
Bf4 Nxb5 23. axb5 d4 24. fxe4 Nxe4 25. Qd3 Qd5 26. Bb8 Rxf1+ 27. Kxf1 c4 28. Qh3
d3 29. Bxd3 cxd3 30. Rxd3 Qxb5 31. Ke1 Qxb2 32. Qf3 Qb4+ 33. Ke2 Bf6 34. Rd8+
Kg7 35. Qd3 Nc5 36. Qd5 Qb2+ 37. Kf3 Qc3+ 38. Kf2 Qc2+ 39. Ke1 Ne4 40. Kf1 Qf2# 0-1